00000000nam 2200000zi 4500
0019.941717
003CaOODSP
00520250108091309
006m     o  d f      
007cr cn ||||||||
008240809t20242024onc     o    f000 0 eng d
020 |a9780660731100
040 |aCaOODSP|beng|erda|cCaOODSP
043 |an-cn---
0861 |aH144-135/2024E-PDF
24500|aHealth facilities preparation for extreme heat : |brecommendations for retirement and care facility managers.
264 1|a[Ottawa] : |bHealth Canada = Santé Canada, |c[2024]
264 4|c©2024
300 |a1 online resource (2 unnumbered pages)
336 |atext|btxt|2rdacontent
337 |acomputer|bc|2rdamedia
338 |aonline resource|bcr|2rdacarrier
500 |aIssued also in French under title: Préparation des installations de santé en vue d'une chaleur accablante : recommandations pour les gestionnaires de résidences pour personnes âgées et d'installations de soins de santé.
500 |a"Pub.: 240474."
650 0|aHeat|xHealth aspects|zCanada.
650 0|aHeat|zCanada|xSafety measures.
7101 |aCanada. |bHealth Canada, |eissuing body.
77508|tPréparation des installations de santé en vue d'une chaleur accablante : |w(CaOODSP)9.941716
795 |tHealth facilities preparation for extreme heat : |w(CaOODSP)9.696242
85640|qPDF|s553 KB|uhttps://publications.gc.ca/collections/collection_2025/sc-hc/H144-135-2024-eng.pdf
8564 |qHTML|sN/A|uhttps://www.canada.ca/en/health-canada/services/environmental-workplace-health/reports-publications/climate-change-health/health-facilities-preparation-extreme-heat-recommendations-retirement-care-facility-managers-health-canada-2011.html